00589nam a22001097a 4500040000800000082002700008100001700035245028800052260002600340300002600366856008700392 cRUA aAGR VAN 2011 B049 Or.1 aVAN, KHUONN. aStudy of nematod rice and vegteble in tramkak district, takeo provice សិក្សាវត្តមានណេម៉ាតូតទៅលើលើដំណាំស្រូវ និងបន្លែ នៅស្រុកត្រាំកក់ ខេត្តតាកែវ aPhnom PenhbRUAc2011 aix, 50p.bill.c29cm. uhttps://drive.google.com/file/d/1ygdQSKXqK-x8DZXCup4m3-Ki412kTr6A/view?usp=sharing